Australian General Knowledge - Statistics

General Stats
  • This quiz has been taken 2,094 times
    1,751 since last reset
  • The average score is 16 of 25
Answer Stats
Hint Answer % Correct
Capital city of Australia Canberra
98%
City where the 2000 Olympics were held Sydney
96%
Largest state Western Australia
94%
Number of stars on the Australian flag Six
93%
A baby kangaroo Joey
92%
What animal is NOT a bear? Koala
90%
Australian wild dogs Dingos
89%
The Crocodile Hunter Steve Irwin
85%
Advance Australia Fair: Australians all ___ __ _______ let us rejoice
81%
First female prime minister of Australia (first and last name) Julia Gillard
80%
Semi-precious gemstone produced primarily in South Australia Opal
77%
The Crocodile Hunter's daughter Bindi Irwin
75%
Australia's 'de facto' official language English
72%
First to land on the East coast of Australia (Not to inhabit) Captain James Cook
63%
Australian singer who got her start on 'Neighbours' (first and last name) Kylie Minogue (or other)
58%
The Thorpedo Ian Thorpe
57%
Amphibian Pest Cane Toad
56%
Knighted Australian cricketer Donald Bradman
56%
Australian men's football team socceroos
53%
Former name of Tasmania Van Diemen's Land
41%
Australian women's hockey team hockeyroos
37%
Australian women's basketball team Opals
33%
First female governor general of Australia (first and last name) Quentin Bryce
21%
Winner of the first 'Masterchef Australia' (first and last name) Julie Goodwin
20%
Australian men's hockey team kookaburras
20%
No matching quizzes found
Score Distribution
Percent of People with Each Score
Percentile by Number Answered
Your Score History
You have not taken this quiz since the last reset